000 00884nam a2200217Ii 4500
003 JO-AjNU
008 230605s9999||||xx |||||||||||||| ||und||
017 _a2004/12/2934
040 _aJO-AjNU
_bara
_erda
_cJO-AjNU
041 _aara
050 1 4 _aLB1028.K5422 2005
100 3 _aالكيلاني،عبد الله زيد، م مشارك نضال كمال الشريفيين ,
_eauthor
_957719
245 0 0 _aمدخل الى البحث في العلوم التربوية والاجتماعية
250 _aط1
264 3 1 _aعمان: دار المسيرة للنشر والتوزيع،2004
300 _a508ص
_bببليوجرافيا505-508،ملحق جداول 489-504
336 _atext
_btxt
_2rdacontent
337 _aunmediated
_bn
_2rdamedia
338 _avolume
_bnc
_2rdacarrier
650 4 _aالتربية-التعليم-اساليب البحث-الابحاث
_957720
999 _aA25882
_c29450
_d29450